| 000 | 01463nam a22003497a 4500 | ||
|---|---|---|---|
| 005 | 20240530110410.0 | ||
| 008 | 150215s2007 ua ofk a 001 0 ara d | ||
| 017 |
_a2006/8736 _bمصر . دار الكتب المصرية |
||
| 020 | _a977143408x | ||
| 040 | _aEG-CaGPL | ||
| 041 | 1 |
_aara _heng |
|
| 082 | 0 | 4 |
_221 _a629.442 _bط/د ع |
| 100 | 1 | _aديسون ، ماريان . ج . | |
| 245 | 1 | 0 |
_aعلم المحطات الفضائية : _bالحياة فى سقوط حر / _cتاليف ماريان . ج . ديسون ؛ تقديم باز الدرين ؛ ترجمة محمد على النقراشى ؛ اشراف عام داليا محمد ابراهيم |
| 250 | _aط1 | ||
| 260 |
_aنهضة مصر للطباعة و النشر و التوزيع ، _b2007 |
||
| 300 |
_a128 ص : _bايض ؛ _c24 سم |
||
| 650 | 0 | 4 | _aالفضاء |
| 650 | 0 | 4 | _aالفضاء الخارجى |
| 650 | 0 | 4 | _aالاقمار الصناعية |
| 650 | 0 | 4 | _aرحلات الفضاء |
| 650 | 0 | 4 | _aملابس الفضاء |
| 650 | 0 | 4 |
_aرواد الفضاء _xتدريب |
| 650 | 0 | 4 |
_aرواد الفضاء _xتغذية |
| 650 | 0 | 4 |
_aرواد الفضاء _xاختبارات طبية |
| 650 | 0 | 4 | _aالملاحة الفضائية |
| 700 | 1 |
_aالدرين ، باز _eمقدم |
|
| 700 | 0 |
_aمحمد على النقراشى _eمترجم |
|
| 710 |
_a داليا محمد ابراهيم _eمشرف |
||
| 942 |
_2ddc _cBK |
||
| 999 |
_c60444 _d60444 |
||